000 00434nam a2200169Ia 4500
008 121122t1962 xxu||||| |||| 00| 0 sin d
041 _asin
080 _a8S1-19
_bSEK
100 _aMahagama Sekara
245 _aසක්වා ලිහිණි
246 _aSakva Lihini
260 _bSarasavi Prakashana
_aGampaha
_c1962
300 _b104p., 18 cm
942 _cBK
999 _c76622
_d76622
003 LK-CoDNM
040 _aLK-CoDNM
_dLK-CoDNM
_eLK-CoDNM